000 00310nam a22001337a 4500
008 170623b xxu||||| |||| 00| 0 eng d
020 _a9780321116222
041 _aeng
080 _a328
100 _a21
101 _aSHP
245 _aAMERICAN GOVERNMENT IN A CHANGED WORLD
_cDRESANG,D.L
942 _2udc
_cBK
999 _c19078
_d19078